000 00379nam a22001457a 4500
020 _a81-8061-809-9
082 _a612
_bSIN/T
100 _aSINGH, INDERBIR
245 _aTEXTBOOK OF HUMAN HISTOLOGY
_bWITH COLOUR ATLAS
250 _aFIFTH EDITION
260 _aDELHI
_bJAYPEE BROTHERS MEDICAL PUBLISHERS
_c2006
300 _a365
650 _aSCIENCE REFERENCE
_zINDIA
942 _cBK
999 _c1438
_d1438